Načítá se...

French revolution /

Podrobná bibliografie
Hlavní autor: Roberts, Jm
Jazyk:Undetermined
Vydáno: London : OUP , 1978.
LEADER 00421nam a2200133Ia 4500
001 97663
008 170722s9999 xx 000 0 und d
100 |a Roberts, Jm 
245 |a French revolution / 
260 |a London :  |b OUP ,  |c 1978. 
300 |a PpX+176, 20cm, 3.95ps 
942 |c GEN 
999 |c 96429  |d 96429 
952 |0 0  |1 0  |4 0  |6 V_5351_L89_L8  |7 0  |8 LC1  |9 135188  |a LIB  |b LIB  |d 2017-08-12  |h LC1  |o V53:51.L89 L8  |p 178277  |r 2017-08-12  |w 2017-08-12  |y GEN